00388nam a2200157Ia 45000010006000000050017000060080041000230410008000640820016000721000032000882450052001202600009001723000033001816500008002146540008002221592020260306170231.0260306t2012||||xx |||||||||||||| ||und|| aESP a620.82bA81 aAsensio-Cuesta, SabinaeAUT 0aEvaluación ergonómica de puestos de trabajo c2012 axvi, 350 páginas :c24 cm. aGEN aCII